Hadley Design Associates Ltd v The Lord Mayor and Citizens of the City of Westminster (Record no. 73517)
[ view plain ]
| 000 -LEADER | |
|---|---|
| fixed length control field | 01741cam a2200193 4500 |
| 001 - CONTROL NUMBER | |
| control field | ABS67031 |
| 008 - FIXED-LENGTH DATA ELEMENTS--GENERAL INFORMATION | |
| fixed length control field | 031001n2003 000 0 eng u |
| 035 ## - SYSTEM CONTROL NUMBER | |
| System control number | (Sirsi) u123798 |
| 245 ## - TITLE STATEMENT | |
| Title | Hadley Design Associates Ltd v The Lord Mayor and Citizens of the City of Westminster |
| 260 ## - PUBLICATION, DISTRIBUTION, ETC. | |
| Date of publication, distribution, etc. | 2003 |
| 520 ## - SUMMARY, ETC. | |
| Summary, etc. | [2003] EWHC 1617 (TCC), 9 July 2003. Respondent (W) had engaged claimant (H) as surveyor, in July 1987, for a rolling programme of works of an estate of 37 blocks which needed refurbishment. The contract was to extend over a number of years. It was based on the RICS "Conditions for engagement of building surveying services" and included a provision that either party could terminate the contract by giving one months notice. In 1996 W terminated the contract due to the introduction of compulsory competitive tendering, the need to bring maintenance and repair work under one company and dissatisfaction with H's services. H brought proceedings claiming it was entitled to damages for lost profit, citing pre-contract assurances that the contract would only be terminated if H defaulted or W ran out of money. Judge concluded there was no proof of this. H's claim for consideraton under the Unfair Contract Terms Act 1977 was also rejected. Judge ruled the termination at will clause was held and H's claim for damages rejected. View judgment at www.bailii.org. |
| 590 ## - LOCAL NOTE (RLIN) | |
| Local note | ABS |
| 650 ## - SUBJECT ADDED ENTRY--TOPICAL TERM | |
| Topical term or geographic name entry element | UNFAIR CONTRACT TERMS ACT 1977 |
| 650 ## - SUBJECT ADDED ENTRY--TOPICAL TERM | |
| Topical term or geographic name entry element | TERMINATION CLAUSES |
| 650 ## - SUBJECT ADDED ENTRY--TOPICAL TERM | |
| Topical term or geographic name entry element | HADLEY DESIGN ASSOCIATES LTD V WESTMINSTER CC |
| 690 ## - LOCAL SUBJECT ADDED ENTRY--TOPICAL TERM (OCLC, RLIN) | |
| Topical term or geographic name as entry element | BUILT ENVIRONMENT-BUILDING CONTRACT FORMS |
| 856 ## - ELECTRONIC LOCATION AND ACCESS | |
| Uniform Resource Identifier | <a href="https://www.bailii.org/cgi-bin/markup.cgi?doc=/ew/cases/EWHC/TCC/2003/1617.html">https://www.bailii.org/cgi-bin/markup.cgi?doc=/ew/cases/EWHC/TCC/2003/1617.html</a> |
| Public note | View judgment on the Bailii website... |
| 942 ## - ADDED ENTRY ELEMENTS (KOHA) | |
| Suppress in OPAC | 0 |
| Withdrawn status | Lost status | Source of classification or shelving scheme | Damaged status | Not for loan | Home library | Current library | Shelving location | Date acquired | Total Checkouts | Full call number | Barcode | Date last seen | Copy number | Price effective from | Koha item type |
|---|---|---|---|---|---|---|---|---|---|---|---|---|---|---|---|
| Dewey Decimal Classification | London | London | Journal article | 01/10/2003 | ABS67031 | 123798-1001 | 06/08/2019 | 1 | 06/08/2019 | Law report |